| 000 | 00985nam a2200277 a 4500 | ||
|---|---|---|---|
| 001 | ES-MaREB00995701-6 | ||
| 003 | OSt | ||
| 005 | 20140821143735.0 | ||
| 008 | 090429s2010 esp spa | ||
| 020 | _a978-84-96921-46-7 | ||
| 040 | _cBMC | ||
| 082 | _a612.64 | ||
| 100 | 1 |
_94318 _aSadler, Thomas W. |
|
| 245 | 1 | 0 |
_aLangman, embriología médica _cT.W. Sadler ; ilustraciones e imágenes, Jill Leland ... [et al. ; traducción, Elisabet Carreras i Goicochea, Marta Vigo Anglada] |
| 250 | _a11ª ed | ||
| 260 |
_aBarcelona [etc.] _bWolters Kluwer _ccop. 2010 |
||
| 300 |
_aX, 387 p. _bil. col. _c26 cm |
||
| 594 | _1Traducción de: Langman's medical embryology, 11th ed. | ||
| 650 | 2 | 4 |
_aEmbriología humana _94344 |
| 700 | 1 |
_aLangman, Jan _94345 |
|
| 700 | 1 |
_aLeland, Jill _923758 |
|
| 700 | 1 |
_aCarreras i Goicoechea, Elisabet _924116 |
|
| 700 | 1 |
_aVigo Anglada, Marta _919613 |
|
| 740 | 0 | _aLangman embriología médica : con orientación médica | |
| 942 |
_2ddc _cBK |
||
| 999 |
_c13102 _d13102 |
||